| 000 | 02225nam a22003497a 4500 | ||
|---|---|---|---|
| 008 | 250523b |||||||| |||| 00| 0 eng d | ||
| 020 | _a9781399812610 | ||
| 040 | _ctbs | ||
| 041 |
_aspa _aeng |
||
| 100 |
_aKattán-Ibarra, Juan _925337 _eauthor |
||
| 245 |
_aBeginners' Latin American Spanish _c/ Juan Kattan-Ibarra ; advisory editor, Bruno Paul ; revised by Maria Paula Canon. |
||
| 246 | _aGet started in Latin American Spanish | ||
| 260 |
_aLondon : _bTeach Yourself, an imprint of John Murray Press, _c2024. |
||
| 300 |
_axxi, 156 pages : _billustrations ; _c20 cm. |
||
| 490 | _aTeach yourself | ||
| 500 | _aOriginally published as: Get started in Latin American Spanish. London : Teach Yourself, 2012. | ||
| 505 | _aMapped to A1-B1 on the Common European Framework of Reference — Everyday phrases and expressions — A bilingual word list — Practice activities — Listening exercises with online audio. | ||
| 520 | _aBeginners' Latin American Spanish is for absolute beginners and those who’ve had some previous experience with the language and want to refresh their knowledge. Clear and simple explanations make the course appropriate and accessible to anyone learning Latin American Spanish. There are extensive illustrations and tools to help you plan your studies and track your progress, all designed to support learning on your own. This course is also ideal to use with one-to-one tutoring and as a classroom course, and it’s the perfect resource to pair with a language-learning app. | ||
| 650 | 0 |
_aSpanish language _xTextbooks for foreign speakers _xEnglish _913590 |
|
| 650 | 0 |
_aSpanish language _xConversation and phrase books _xEnglish _925338 |
|
| 650 | 0 |
_aSpanish language _xSelf-instruction _925339 |
|
| 650 | 0 |
_aSpanish language _xStudy and teaching _xForeign speakers _912080 |
|
| 650 | 0 |
_aSpanish language _xGrammar _910270 |
|
| 655 | 0 |
_aPhrase books _925062 |
|
| 655 | 0 |
_aProgrammed instructional materials _925329 |
|
| 655 | 0 |
_aInstructional and educational works _923270 |
|
| 655 | 0 |
_aInformational works _923310 |
|
| 655 | 0 |
_aSelf-instructional works _925331 |
|
| 700 |
_aCañon, María Paula _925340 _eauthor |
||
| 700 |
_aPaul, Bruno _925303 _eeditor |
||
| 942 | _2lcc | ||
| 999 |
_c4701 _d4701 |
||